Bairros do Recife - Statistics

Estatísticas Gerais
  • Esse quiz foi jogado 773 vezes
  • A pontuação média é 43 de 92
Estatísticas das Respostas
Letra Inicial Bairro % Correto
B Boa Viagem
92%
C Casa Amarela
83%
I Ibura
78%
P Pina
78%
C Casa Forte
75%
A Afogados
74%
B Boa Vista
73%
T Torre
73%
V Várzea
73%
R Recife
72%
I Imbiribeira
71%
S Santo Amaro
71%
A Arruda
69%
A Aflitos
66%
D Derby
66%
M Madalena
66%
C Caxangá
63%
G Graças
63%
I Ipsep
63%
I Ilha do Leite
62%
I Ilha do Retiro
62%
D Dois Irmãos
61%
B Brasília Teimosa
57%
I Iputinga
57%
M Macaxeira
57%
E Espinheiro
56%
A Apipucos
54%
C Curado
54%
S São José
54%
B Beberibe
53%
C Cidade Universitária
53%
C Cordeiro
53%
A Água Fria
50%
B Barro
50%
J Jaqueira
50%
J Joana Bezerra
50%
B Bomba do Hemetério
49%
E Encruzilhada
49%
G Guabiraba
49%
T Tamarineira
49%
A Areias
48%
S San Martin
48%
T Torrões
48%
V Vasco da Gama
48%
J Jardim São Paulo
47%
J Jordão
46%
P Parnamirim
46%
T Torreão
46%
Z Zumbi
46%
C Campo Grande
45%
N Nova Descoberta
44%
S Santo Antônio
44%
C Coelhos
42%
M Mustardinha
42%
D Dois Unidos
41%
P Poço da Panela
41%
L Linha do Tiro
40%
R Rosarinho
40%
A Alto do Mandu
39%
A Alto José do Pinho
39%
B Bongi
38%
E Engenho do Meio
38%
H Hipódromo
37%
C Cohab
36%
A Alto José Bonifácio
35%
M Morro da Conceição
35%
E Estância
33%
T Tejipió
33%
P Peixinhos
32%
P Prado
32%
T Totó
32%
C Cabanga
30%
M Mangueira
29%
P Passarinho
29%
C Cajueiro
28%
C Córrego do Jenipapo
28%
F Fundão
28%
M Monteiro
28%
S Santana
26%
S Sítio dos Pintos
26%
C Coqueiral
25%
A Alto Santa Teresinha
24%
J Jiquiá
23%
M Mangabeira
22%
P Paissandú
22%
S Soledade
22%
C Caçote
20%
C Campina do Barreto
20%
P Pau Ferro
19%
P Ponto de Parada
17%
P Porto da Madeira
16%
S Sancho
15%
Nenhum quiz correspondente encontrado
Distribuição das Pontuações
Porcentagem de Pessoas com Cada Pontuação
Percentil de Números Respondidos
Sua Pontuação Histórica
Você não jogou esse quiz